[Event "4th IRT Soc. Italiana"]
[Site "Merlo ARG"]
[Date "2008.06.17"]
[Round "5"]
[White "Herrera,P"]
[Black "Menon,D"]
[Result "0-1"]
[WhiteElo "2114"]
[BlackElo "2174"]

1.Nf3 d5 2.c4 d4 3.g3 c5 4.Bg2 Nc6 5.d3 e5 6.O-O Nf6 7.b4 cxb4 8.a3 bxa3
9.Bxa3 Bxa3 10.Nxa3 O-O 11.Qc2 a5 12.Nb5 Bg4 13.Rfb1 Nd7 14.Qd2 Nc5 15.h3 Be6
16.Ng5 Bf5 17.g4 Bg6 18.Bd5 a4 19.Ra3 Nb3 20.Rbxb3 axb3 21.Rxb3 Qe7 22.Ne4 Ra1+
23.Kg2 Bxe4+ 24.Bxe4 Rfa8 25.Rb2 h6 26.f4 Qh4 27.Rc2 h5 28.Bf3 exf4 29.Qxf4 Qe1
30.h4 Qh1+ 31.Kg3 Rg1+ 32.Kf2 Raa1 33.Nxd4 Rgf1+ 34.Ke3 Qg1+  0-1

[Event "Open"]
[Site "Teplice CZE"]
[Date "2008.06.17"]
[Round "4"]
[White "Safr,J"]
[Black "Hruby,Va"]
[Result "0-1"]
[WhiteElo "1784"]
[BlackElo "1844"]

1.Nf3 d5 2.c4 c6 3.b3 Nf6 4.Bb2 e6 5.g3 Be7 6.Bg2 O-O 7.d3 dxc4 8.bxc4 Nbd7
9.O-O Qc7 10.Nbd2 Rd8 11.Rc1 c5 12.Rc2 Rb8 13.Qa1 b6 14.Ne5 Bb7 15.f3 Ne8
16.Nxd7 Rxd7 17.Ne4 Bxe4 18.fxe4 Bf6 19.Bxf6 Nxf6 20.Rcc1 Rbd8 21.Rf4 Rd4
22.Rcf1 R8d7 23.Qe1 Qe5 24.g4 h6 25.h4 R4d6 26.Qg3 Qd4+ 27.Kh2 Re7 28.Bh1 Rdd7
29.g5 Nh5 30.Qg2 Nxf4 31.Rxf4 Qe5 32.Qg4 hxg5 33.hxg5 g6 34.Kg3 Qd4 35.Qh3 Qe3+
36.Bf3 Qg1+ 37.Bg2 Qe3+ 38.Rf3 Qxg5+ 39.Kf2 Kg7 40.Rg3 Qe5 41.Qh4 Qf6+ 42.Qxf6+ Kxf6
43.Ke3 e5 44.Rf3+ Kg7 45.Rg3 Rd8 46.Kd2 Rh8 47.Bh3 Rh4 48.Kc2 f6 49.Kb3 Re8
50.Ka4 Reh8 51.Bg4 Rh1 52.Kb5 Ra1 53.a4 Rhh1 54.Bd7 Ra2 55.Ka6 Rxe2 56.Kxa7 Rb2
57.Bb5 Ra1 58.Kxb6 Rxa4 59.Kc6 Ra3 60.Kxc5 Rbb3 61.Kc6 Rxd3 62.Rxd3 Rxd3
63.c5 Rc3 64.Kb6 f5 65.exf5 gxf5 66.c6 e4  0-1

[Event "Open"]
[Site "Teplice CZE"]
[Date "2008.06.17"]
[Round "4"]
[White "Krejci,Jan1"]
[Black "Jirka,J"]
[Result "0-1"]
[WhiteElo "2096"]
[BlackElo "2400"]

1.Nf3 d5 2.c4 d4 3.b4 c5 4.Bb2 f6 5.e3 e5 6.bxc5 Nc6 7.exd4 exd4 8.Bd3 Bxc5
9.O-O Nge7 10.Re1 Bg4 11.Ba3 Bxa3 12.Nxa3 O-O 13.c5 Kh8 14.Nb5 Qa5 15.h3 Bh5
16.g4 Bg6 17.Qb3 Bxd3 18.Qxd3 Ng6 19.Nfxd4 Nce5 20.Qc3 Qxc3 21.dxc3 Rfc8
22.c6 bxc6 23.Nd6 Rd8 24.N4f5 Rd7 25.Re4 Rad8 26.Rb1 Nf3+ 27.Kg2 Nd2 28.Rbe1 Nxe4
29.Rxe4 Nh4+ 30.Nxh4 Rxd6 31.Nf5 R6d7 32.Rc4 Rc8 33.Nd4 Kg8 34.Kf3 Kf7 35.Ke4 c5
36.Nb3 Re7+ 37.Kd5 Re2 38.Ra4 Rc7 39.Kd6 Rce7 40.f4 R2e3 41.c4 Rxh3 42.Nxc5 Rg3
43.f5 Rxg4 44.Ne6 g6 45.Rb4 gxf5 46.Nd8+ Ke8 47.Nc6 Re2 48.Rb8+ Kf7 49.c5 Rd2+
50.Kc7 Rc4 51.Nd8+ Kg6 52.c6 f4 53.Rb3 Rxd8 54.Kxd8 Rxc6 55.Ra3 a6 56.Kd7 Rb6
57.Kc7 Re6 58.Kd7 Kf5  0-1

[Event "IM"]
[Site "Perm RUS"]
[Date "2008.06.18"]
[Round "8"]
[White "Matveeva,O"]
[Black "Davydov,St"]
[Result "1-0"]
[WhiteElo "2200"]
[BlackElo "2174"]

1.Nf3 d5 2.c4 e6 3.e3 Nf6 4.Nc3 c6 5.b3 Bd6 6.Bb2 O-O 7.Be2 a6 8.Qc2 c5 9.g4 dxc4
10.bxc4 Nxg4 11.Rg1 f5 12.O-O-O Nc6 13.d4 cxd4 14.Nxd4 Nb4 15.Qb3 Nxf2 16.Nxe6 Bxe6
17.Rxd6 Nfd3+ 18.Bxd3 Nxd3+ 19.Rxd3 Qxd3 20.Rxg7+ Kh8 21.Nd1 Qxb3 22.axb3  1-0

[Event "Serbia Cup"]
[Site "Zlatibor SRB"]
[Date "2008.06.18"]
[Round "3"]
[White "Katanic Vujic,P"]
[Black "Zivkovic,Vladisl"]
[Result "1-0"]
[WhiteElo "2320"]
[BlackElo "2246"]

1.Nf3 d5 2.c4 e6 3.g3 Nf6 4.Bg2 Bd6 5.O-O O-O 6.d4 c6 7.Nbd2 Nbd7 8.Qc2 Re8
9.b3 e5 10.cxd5 cxd5 11.dxe5 Nxe5 12.Bb2 Bg4 13.Nxe5 Bxe5 14.Bxe5 Rxe5 15.Nf3 Re7
16.Nd4 Rc8 17.Qb2 Qd7 18.Rac1 Ree8 19.Rfd1 Rxc1 20.Rxc1 Rc8 21.Rc2 a6 22.Qc1 Rxc2
23.Qxc2 Qc8 24.f3 Qxc2 25.Nxc2 Bf5 26.Nd4 Bb1 27.a3 Kf8 28.Kf2 Ke7 29.Bh3 Ne8
30.Nf5+ Kf6 31.Nd4 Nd6 32.Ke3 g5 33.Bg2 h6 34.Kd2 Ke5 35.e3 Nf5 36.Ne2 Ne7
37.Bh3  1-0

[Event "Open"]
[Site "Teplice CZE"]
[Date "2008.06.19"]
[Round "6"]
[White "Krejci,Jan1"]
[Black "Dolezal,Ra1"]
[Result "0-1"]
[WhiteElo "2096"]
[BlackElo "2420"]

1.Nf3 d5 2.c4 c6 3.b3 Bg4 4.g3 Bxf3 5.exf3 d4 6.f4 e6 7.Bg2 Bc5 8.d3 Nf6
9.O-O O-O 10.Ba3 Bxa3 11.Nxa3 a5 12.Nc2 Na6 13.Qd2 Nc5 14.Rfd1 Qd6 15.Qe2 Nfd7
16.Re1 Rfd8 17.Rad1 g6 18.h4 Na6 19.h5 Nb4 20.hxg6 hxg6 21.Na1 Nc5 22.Be4 Nxe4
23.dxe4 d3 24.Qb2 Qd4 25.Qxd4 Rxd4 26.Rd2 a4 27.a3 Nc2 28.Nxc2 dxc2 29.Rxd4 axb3
30.Rd2 Ra4 31.Kg2 Rxc4 32.Kf3 Rc3+ 33.Ke2 b2  0-1

[Event "22th Open"]
[Site "Pula CRO"]
[Date "2008.06.21"]
[Round "1"]
[White "Sebenik,M"]
[Black "Wagner,Rai"]
[Result "1-0"]
[WhiteElo "2502"]
[BlackElo "2049"]

1.Nf3 d5 2.c4 c6 3.g3 Nf6 4.Bg2 Bf5 5.cxd5 Nxd5 6.d3 Nf6 7.Nc3 e6 8.Qb3 Qb6
9.Qc2 Nbd7 10.O-O Be7 11.e4 Bg6 12.Be3 Qd8 13.h3 O-O 14.a3 a5 15.Nh4 Ne8
16.Nxg6 hxg6 17.d4 Qc7 18.Rac1 Rc8 19.Qe2 Qb8 20.d5 exd5 21.exd5 Nef6 22.Rfd1 Rfe8
23.Qd2 Bc5 24.Bf4 Qa7 25.dxc6 bxc6 26.Na4 Nd5 27.Nxc5 Nxf4 28.Qxd7 Ne2+ 29.Kf1 Qb8
30.Rc2 Rcd8 31.Rxe2 Rxd7 32.Rxe8+ Qxe8 33.Nxd7 Qe6 34.Nc5 Qc4+ 35.Nd3 c5
36.Rd2 Qb5 37.Ke1 c4 38.Nc1 c3 39.bxc3 Qb1 40.Kd1 Qa1 41.Kc2 Qxa3 42.Rd4 Qc5
43.Bd5 Qc8 44.Rf4 g5 45.Rxf7 Kh7 46.g4 Qe8 47.f3 Qe5 48.Be4+ Kg8 49.Ra7 Qh2+
50.Kb3 Qg1 51.Ra8+ Kf7 52.Nd3 Qd1+ 53.Kc4 Qa4+ 54.Kc5 Qa3+ 55.Kd4 Qd6+ 56.Bd5+ Kf6
57.Rxa5 Qh2 58.Ra6+ Ke7 59.Re6+ Kd8 60.c4 Qxh3 61.c5 g6 62.Be4 Qh1 63.Rxg6 Qa1+
64.Kd5 Qa2+ 65.Kd6 Qh2+ 66.Ne5 Qh7 67.Nc6+ Kc8 68.Rg8+  1-0

[Event "White Nights Open"]
[Site "St Petersburg RUS"]
[Date "2008.06.22"]
[Round "2"]
[White "Orlov,O2"]
[Black "Eltsov,V"]
[Result "1/2-1/2"]
[WhiteElo "2285"]
[BlackElo "2098"]

1.Nf3 d5 2.c4 c6 3.g3 Nf6 4.Bg2 Bg4 5.cxd5 Bxf3 6.Bxf3 cxd5 7.d4 e6 8.O-O Be7
9.Nc3 O-O 10.Bf4 Nc6 11.Qd3 Qb6 12.e3 Rac8 13.g4 Qxb2 14.Ne2 Qa3  1/2-1/2

[Event "ch-PAR"]
[Site "Asuncion PAR"]
[Date "2008.06.24"]
[Round "9"]
[White "Recalde,Ar"]
[Black "Barrientos,Ed"]
[Result "1/2-1/2"]
[WhiteElo "2010"]
[BlackElo "2080"]

1.Nf3 d5 2.c4 c6 3.b3 Nf6 4.Bb2 g6 5.g3 Bg7 6.Bg2 O-O 7.O-O Bg4 8.d3 Nbd7
9.Nbd2 Re8 10.d4 Bxf3 11.Nxf3 Ne4 12.Nd2 Nxd2 13.Qxd2 Nf6 14.cxd5 cxd5 15.Rac1 Qd7
16.Rc2 Rac8 17.Rfc1 e6 18.Qa5 b6 19.Qa6 Rxc2 20.Rxc2 Ne4 21.Qd3 Nd6 22.e3 Rc8
23.Ba3  1/2-1/2

[Event "22th Open"]
[Site "Pula CRO"]
[Date "2008.06.24"]
[Round "4"]
[White "Borsos,B"]
[Black "Vavrak,P"]
[Result "0-1"]
[WhiteElo "2354"]
[BlackElo "2466"]

1.Nf3 d5 2.c4 d4 3.Qa4+ Bd7 4.Qb3 Nc6 5.g3 e5 6.d3 h6 7.Bg2 Nf6 8.O-O Bc5
9.e3 O-O 10.exd4 exd4 11.Bf4 Nh5 12.Bd2 a5 13.Na3 a4 14.Qd1 Nf6 15.Re1 Bg4
16.h3 Bh5 17.Nb5 Nb4 18.Bf4 c6 19.Nc7 Ra7 20.a3 Na6 21.Nxa6 Rxa6 22.g4 Bg6
23.Ne5 Rb6 24.Qxa4 Rxb2 25.Rab1 Qb6 26.Rxb2 Qxb2 27.Qa5 Bxa3 28.Nxg6 fxg6
29.Bc1 Qb4 30.Bd2 Qxa5 31.Bxa5 Bc5 32.Rb1 Rf7 33.Bd8 Rd7 34.Bxf6 gxf6 35.Be4 Kf7
36.f4 Bd6 37.f5 g5 38.Kg2 Ke7 39.Kf3 Kd8 40.Ra1 Kc7 41.Ra8 Rh7 42.Kg2 h5
43.gxh5 Rxh5 44.Bf3 Rh7 45.Re8 Be7 46.Bg4 Kd7 47.Rb8 Kc7 48.Re8 Kb6 49.Rb8 Bd6
50.Re8 Kc5 51.Re6 Be5 52.Kf3 b5 53.cxb5 cxb5 54.Ke2 b4 55.Kd2 Ra7 56.Bf3 Ra2+
57.Kc1 Rh2 58.Bg4 b3 59.Re7 Kb4 60.Bd1 b2+ 61.Kb1 Rh1 62.Rb7+ Kc3  0-1

[Event "22th Open"]
[Site "Pula CRO"]
[Date "2008.06.24"]
[Round "4"]
[White "Obodchuk,A"]
[Black "Medic,Mir"]
[Result "0-1"]
[WhiteElo "2421"]
[BlackElo "2266"]

1.Nf3 d5 2.c4 e6 3.d4 c6 4.Nc3 f5 5.Bf4 Nf6 6.e3 Be7 7.Qc2 O-O 8.h3 Ne4 9.Bd3 Nd7
10.g4 Ndf6 11.gxf5 exf5 12.Be5 Be6 13.Ne2 Nh5 14.Nf4 Nxf4 15.Bxf4 c5 16.O-O-O Rc8
17.Kb1 Bf6 18.dxc5 Rxc5 19.Nd4 Qb6 20.f3 dxc4 21.Bxe4 fxe4 22.Nxe6 Qxe6 23.Rd6 Qf7
24.Qxe4 Re8 25.Qc2 Rb5 26.Rxf6 gxf6 27.e4 Rh5 28.Bd2 Qe6 29.Bc3 Kf7 30.h4 Rd8
31.Qf2 Qd6 32.a3 b6 33.Rg1 Rg8 34.Re1 Rd8 35.f4 Qd3+ 36.Ka2 Rb5 37.e5 Rb3
38.e6+ Ke7 39.Qg2 Rxc3 40.Qg7+ Kd6 41.Qxa7 Rb3 42.Rb1 Kxe6 43.Re1+ Kd5 44.Qf7+ Kc5
45.Qe7+ Kb5 46.Rc1 Rxa3+ 47.bxa3 Qb3+  0-1

[Event "White Nights Open"]
[Site "St Petersburg RUS"]
[Date "2008.06.24"]
[Round "4"]
[White "Gusev,B"]
[Black "Averjanov,S"]
[Result "0-1"]
[WhiteElo "1798"]
[BlackElo "2027"]

1.Nf3 d5 2.c4 d4 3.d3 Nc6 4.g3 g6 5.Bg2 Bg7 6.O-O e5 7.Bd2 a5 8.Na3 Nge7
9.Qc1 O-O 10.Bh6 Bxh6 11.Qxh6 Nf5 12.Qg5 f6 13.Qd2 Be6 14.Nc2 Qd7 15.Rfd1 Rfd8
16.b3 Rab8 17.Na3 Nb4 18.Nc2 Nxc2 19.Qxc2 c5 20.a4 b6 21.Nd2 Kg7 22.Ne4 h6
23.Qd2 Ne7 24.Qe1 Bg4 25.Nd2 Re8 26.Ra2 Rbd8 27.Qf1 Be6 28.Ne4 f5 29.Nd2 g5
30.Raa1 Ng6 31.h3 Qd6 32.Qe1 Qd7 33.Kh2 Qe7 34.Qh1 h5 35.f3 Rh8 36.Qe1 g4
37.fxg4 hxg4 38.h4 Qg5 39.Kg1 Qh6 40.Qf1 Rdf8 41.Bh1 f4 42.Qg2 fxg3 43.Qxg3 Nf4
44.Qh2 Nh3+  0-1

[Event "TCh-TUR"]
[Site "Kocaeli TUR"]
[Date "2008.06.25"]
[Round "4"]
[White "Gokcen,F"]
[Black "Keler,F"]
[Result "0-1"]
[WhiteElo "2006"]
[BlackElo "2256"]

1.Nf3 d5 2.c4 c6 3.b3 Nf6 4.g3 Bf5 5.Bg2 e6 6.Bb2 h6 7.O-O Bd6 8.d3 O-O 9.Nc3 Bh7
10.Rc1 Qe7 11.Qc2 Ba3 12.Bxa3 Qxa3 13.cxd5 exd5 14.Ne5 Re8 15.f4 Na6 16.Nb1 Qa5
17.a3 Qb6+ 18.Kh1 Rxe5 19.fxe5 Ng4 20.Bxd5 Nxe5 21.Qc3 Re8 22.Be4 Bxe4+ 23.dxe4 Qb5
24.Qe3 Ng4 25.Qd3 Qh5 26.h4 Nf6 27.Nd2 Nc5 28.Qf3 Ncxe4 29.Nxe4 Nxe4 30.Qxh5 Nxg3+
31.Kg2 Nxh5 32.Kf3 f5 33.Rfd1 Nf6 34.Rd6 Re7 35.Rg1 Kf7 36.a4 Re4 37.h5 Rh4
38.Rd8 Rb4 39.Ra8 a6 40.Rc8 Rxb3+ 41.Kf4 Nd5+ 42.Kxf5 Ne7+ 43.Ke5 Nxc8 44.Rf1+ Ke7
45.Rg1 Re3+ 46.Kf4 Rxe2 47.Rxg7+ Kd6 48.Rxb7 Ne7 49.Ra7 Nd5+ 50.Kf5 Rg2 51.Rxa6 Rg5+
52.Ke4 Rxh5 53.Ra7 Nc7 54.Kf3 Rh4 55.a5 Ra4 56.Rb7 Rxa5 57.Kg4 Rg5+ 58.Kh4 Rb5
59.Ra7 c5  0-1

[Event "TCh-TUR"]
[Site "Kocaeli TUR"]
[Date "2008.06.26"]
[Round "5"]
[White "Atman,B"]
[Black "Komut,B"]
[Result "0-1"]
[WhiteElo "1941"]
[BlackElo "1855"]

1.Nf3 d5 2.c4 e6 3.g3 Nf6 4.Bg2 Bd6 5.O-O O-O 6.b3 Nbd7 7.Bb2 b6 8.d3 Bb7
9.Re1 Re8 10.Qc2 Qe7 11.e4 dxe4 12.dxe4 e5 13.Nc3 c6 14.Rad1 Rad8 15.Qc1 Nf8
16.Re2 Ng6 17.Red2 Bb4 18.Ne1 Qc7 19.a3 Be7 20.Nd3 Nd7 21.h4 Bf6 22.b4 Ndf8
23.b5 cxb5 24.Nxb5 Qb8 25.Nb4 Rxd2 26.Rxd2 Ne6 27.Nd6 Rd8 28.Nxb7 Rxd2 29.Qxd2 Qxb7
30.Qd5 Qc7 31.Qc6 Ne7 32.Qxc7 Nxc7 33.Nd5 Ncxd5 34.exd5 Nc8 35.g4 Nd6 36.g5 Bd8
37.Bf1 f6 38.h5 Kf7 39.f3 g6 40.h6 Nf5 41.Kf2 Be7 42.Bd3 Bc5+ 43.Kf1 Nd4
44.gxf6 Nxf3 45.Bc1 Kxf6 46.a4 Nd4 47.Kg2 Nf5 48.Kf3 Bf8 49.Kg4 Bxh6 50.Ba3 Be3
51.a5 Bc5 52.axb6 axb6 53.Bc1 h5+ 54.Kh3 g5 55.Kh2 g4 56.Be2 e4 57.Bf4 Bd6
58.Bxd6 Nxd6 59.Kg3 Kg5 60.Bf1 h4+ 61.Kg2 Kf4 62.Be2 Nf5 63.Kf2 h3 64.Kg1 g3
65.Bh5 e3 66.Kh1 Nd6 67.c5 bxc5  0-1

[Event "TCh-TUR"]
[Site "Kocaeli TUR"]
[Date "2008.06.26"]
[Round "5"]
[White "Sengul,C"]
[Black "Ari,Z"]
[Result "1/2-1/2"]
[WhiteElo "2146"]
[BlackElo "2179"]

1.Nf3 d5 2.c4 c6 3.g3 Nf6 4.Bg2 Bf5 5.cxd5 cxd5 6.Nc3 Nc6 7.Qa4 Qb6 8.O-O e6
9.d3 Qb4 10.Qxb4 Bxb4 11.a3 Bxc3 12.bxc3 h6 13.Rb1 O-O-O 14.Nd4 Nxd4 15.cxd4 g5
16.Bd2 Rd7 17.Rfc1+ Rc7 18.Bb4 Rxc1+ 19.Rxc1+ Kd7 20.Kf1 b6 21.a4 a5 22.Bd2 Bg6
23.h3 Rc8 24.Rxc8 Kxc8 25.h4 gxh4 26.gxh4 h5 27.Ke1 Kd7 28.Kd1 Kc6 29.Bg5 Nh7
30.Be7 f5 31.Kc2 Kd7 32.Ba3 Nf6 33.f3 Be8 34.Kb3 Ng8 35.e3 Nh6 36.Bf1 Nf7
37.Bc1 Nd6 38.Bd2 Kc6 39.Be1 Nb7 40.Be2 Bf7 41.Ka3 Be8 42.Bd1 Bf7 43.Bb3  1/2-1/2

[Event "22th Open"]
[Site "Pula CRO"]
[Date "2008.06.26"]
[Round "7"]
[White "Jeran,B"]
[Black "Feletar,D"]
[Result "1/2-1/2"]
[WhiteElo "2193"]
[BlackElo "2384"]

1.Nf3 d5 2.c4 dxc4 3.Na3 a6 4.Nxc4 b5 5.Ne3 Bb7 6.g3 e6 7.Bg2 Nf6 8.O-O Nbd7
9.b3 c5 10.Bb2 Bd6 11.Rc1 O-O 12.Qc2 Rc8 13.Qb1 Qb6 14.Qa1 Rfd8 15.d3 Be7
16.Rc2 Qa7 17.a4 Qb6 18.Rfc1 h6 19.Nh4 Bxg2 20.Nhxg2 Qb7 21.Nf4 Bd6 22.Nfg2 Bf8
23.Nf4 Bd6 24.Nfg2 Re8 25.Nh4 Bf8 26.d4 Ne4 27.Nf3 Red8 28.Nd2 cxd4 29.Bxd4 Rxc2
30.Rxc2 Nxd2 31.Rxd2 Nc5 32.Qd1 bxa4 33.Bxc5 Rxd2 34.Qxd2 Bxc5 35.Qd8+ Bf8
36.bxa4 Qb1+ 37.Qd1 Qe4 38.Qc2 Qb7 39.Qc4 h5 40.h4 Be7 41.Nc2 Qb6 42.Qe4 g6
43.Kg2 Bc5 44.e3 Kf8 45.Ne1 Ke7 46.Nf3 Qc7  1/2-1/2

[Event "IV Open"]
[Site "Sort ESP"]
[Date "2008.06.26"]
[Round "3"]
[White "Mirzoev,A"]
[Black "Gongora Reyes,M"]
[Result "1/2-1/2"]
[WhiteElo "2543"]
[BlackElo "2422"]

1.Nf3 d5 2.c4 c6 3.b3 Nf6 4.Bb2 e6 5.g3 a5 6.a3 Bd6 7.Bg2 b6 8.d4 Ne4 9.O-O O-O
10.Nbd2 f5 11.e3 Nd7 12.Qc2 Bb7 13.Rfc1 Qe7 14.Qd1 Rad8 15.Qe2 Qe8 16.Ne1 Nxd2
17.Qxd2 Nf6 18.Nd3 Ne4 19.Qe2 Ba6 20.f3 Nf6 21.a4 Qe7 22.Bf1 Rc8 23.Qe1 Nd7
24.Nf2 Bb7 25.cxd5 cxd5 26.Bb5 Nf6 27.Nd3 g5 28.Rxc8 Rxc8 29.Rc1 g4 30.Rxc8+ Bxc8
31.Qc1 Qc7 32.Qxc7 Bxc7 33.f4 Ne4 34.Nc1 Bd6 35.Kf1 Kf8 36.Ke2 Ke7 37.Nd3 Bd7
38.Bxd7 Kxd7 39.Nf2 Nf6 40.Bc3 h5 41.Be1 Kc6 42.Kd3 Kd7 43.Kc2 Kc6 44.Kd3 Ne4  1/2-1/2

[Event "IV Open"]
[Site "Sort ESP"]
[Date "2008.06.26"]
[Round "4"]
[White "Roeder,M"]
[Black "Mirzoev,A"]
[Result "0-1"]
[WhiteElo "2442"]
[BlackElo "2543"]

1.Nf3 d5 2.c4 d4 3.g3 g6 4.b4 Bg7 5.d3 e5 6.Nbd2 Ne7 7.Nb3 O-O 8.Bg2 h6 9.O-O g5
10.e3 dxe3 11.Bxe3 Nf5 12.Bc1 e4 13.dxe4 Qxd1 14.Rxd1 Bxa1 15.Nxa1 Nd6 16.Nd2 Nc6
17.Nc2 Be6 18.Bf1 Rfd8 19.Re1 a5 20.bxa5 Rxa5 21.a3 Ra4 22.Ne3 Ne5 23.Nd5 Ndxc4
24.Bxc4 Nxc4 25.Nf6+ Kg7 26.Nxc4 Rxc4 27.Bb2 Rd2 28.Be5 Kf8 29.g4 Rcc2 30.Bg3 c5
31.Rb1 Rb2 32.Rc1 c4 33.h4 gxh4 34.Bxh4 Rb3 35.Bg3 Rf3 36.e5 c3 37.Kg2 Rdd3
38.g5 hxg5 39.Nh7+ Ke7 40.Nxg5 Rf5 41.Bh4 Kd7 42.f3 Bd5 43.Nh7 Bxf3+ 44.Kh2 Bd5
45.Nf6+ Ke6  0-1

[Event "White Nights Open"]
[Site "St Petersburg RUS"]
[Date "2008.06.26"]
[Round "6"]
[White "Orlov,O2"]
[Black "Atlas,E"]
[Result "1-0"]
[WhiteElo "2285"]
[BlackElo "2069"]

1.Nf3 d5 2.c4 e6 3.g3 c6 4.b3 Nf6 5.Bg2 Bd6 6.Bb2 Nbd7 7.d4 O-O 8.O-O Re8
9.Nbd2 h6 10.Qc2 Bc7 11.h3 Nb6 12.Rad1 Bd7 13.Rfe1 Nc8 14.e4 Ne7 15.Ne5 Rc8
16.Ng4 Nxg4 17.hxg4 Ba5 18.a3 Bxd2 19.Qxd2 b5 20.Bc3 Rb8 21.Ba5 Qc8 22.Bb4 bxc4
23.bxc4 dxc4 24.f4 Rb5 25.Bf1 a5 26.Bc5 Qb7 27.Bxc4 Rb2 28.Qxa5 Ra8 29.Qc3 Nd5
30.exd5 cxd5 31.Bd3 Rb3 32.Qc2 Rb2 33.Rb1 Rxb1 34.Rxb1 Qc8 35.g5 h5 36.Bd6 Qe8
37.Qc7 Rc8 38.Rb8 e5 39.Bxe5 f6 40.gxf6 gxf6 41.Rxc8  1-0

[Event "TCh-TUR"]
[Site "Kocaeli TUR"]
[Date "2008.06.27"]
[Round "7"]
[White "Yagiz,Y"]
[Black "Haznedaroglu,K"]
[Result "1/2-1/2"]
[WhiteElo "2280"]
[BlackElo "2463"]

1.Nf3 d5 2.c4 c6 3.g3 Nf6 4.Bg2 dxc4 5.Qc2 g6 6.Qxc4 Bg7 7.O-O O-O 8.a4 a5
9.d3 Qd5 10.Qh4 Qh5 11.Qxh5 Nxh5 12.Na3 Na6 13.Nc4 Be6 14.Rb1 Nc5 15.b3 b5
16.axb5 cxb5 17.Nxa5 Nxd3 18.Bd2 Nc5 19.Ng5 Rac8 20.b4 Na4 21.Nxe6 fxe6 22.Nc6 Kf7
23.Rfc1 Nf6 24.Ne5+ Kg8 25.Nc6 Kh8 26.Nxe7 Rxc1+ 27.Rxc1 Ng4 28.Rc8 Rxc8
29.Nxc8 Ne5 30.Na7 Nc4 31.Be1 Bc3 32.Kf1 Nd2+ 33.Bxd2 Bxd2 34.Nxb5 Bxb4 35.Nd4  1/2-1/2

[Event "XII Izmailov Mem"]
[Site "Tomsk RUS"]
[Date "2008.06.27"]
[Round "3"]
[White "Shevtchenko,O"]
[Black "Novikov,MiM"]
[Result "0-1"]
[WhiteElo "2061"]
[BlackElo "2240"]

1.Nf3 d5 2.c4 Nc6 3.b3 e5 4.cxd5 Qxd5 5.Nc3 Qa5 6.Bb2 Nf6 7.a3 e4 8.Ng1 Qf5
9.g3 Nd4 10.Rc1 Be6 11.Bh3 Ng4 12.Bxg4 Qxg4 13.e3 Nxb3 14.Qxg4 Bxg4 15.Rc2 Nc5
16.a4 O-O-O 17.Nge2 Nd3+ 18.Kf1 Bh3+ 19.Kg1 Ne5 20.f4 exf3 21.Nf4 Be6 22.Nxe6 fxe6
23.Nb5 Nc6 24.Kf2 a6 25.Rxc6 Rxd2+ 26.Kxf3 bxc6  0-1

[Event "Duras IM Dopravni"]
[Site "Brno CZE"]
[Date "2008.06.29"]
[Round "4"]
[White "Andonov,B"]
[Black "Zavadil,M"]
[Result "1-0"]
[WhiteElo "2334"]
[BlackElo "2113"]

1.Nf3 d5 2.c4 e6 3.g3 c5 4.Bg2 Nc6 5.O-O Nf6 6.cxd5 exd5 7.d4 Be7 8.dxc5 Bxc5
9.a3 a6 10.b4 Ba7 11.Nc3 d4 12.Na4 O-O 13.Bb2 Qd6 14.Rc1 Rd8 15.Nc5 a5 16.Qb3 axb4
17.axb4 Bxc5 18.bxc5 Qe7 19.Rfd1 Qxe2 20.Nxd4 Nxd4 21.Bxd4 Ra2 22.Bf1 Be6
23.Qb6  1-0

[Event "Sparkassen Open"]
[Site "Dortmund GER"]
[Date "2008.07.01"]
[Round "3"]
[White "Babczyk,A"]
[Black "Naiditsch,J"]
[Result "0-1"]
[WhiteElo "2033"]
[BlackElo "2119"]

1.Nf3 d5 2.c4 c6 3.d4 Nf6 4.Nc3 e6 5.Bg5 h6 6.Bh4 dxc4 7.e3 b5 8.Be2 Bb7
9.O-O Be7 10.Ne5 Nbd7 11.f4 Nd5 12.Bxe7 Qxe7 13.Nxd5 cxd5 14.Bh5 Nxe5 15.fxe5 g6
16.Bf3 h5 17.Be2 Qg5 18.Qd2 O-O 19.Rf6 b4 20.Kf2 a5 21.g3 h4 22.a3 Rfb8 23.Rf4 hxg3+
24.hxg3 Kg7 25.Rg4 Qe7 26.Rh4 Rh8 27.Rxh8 Rxh8 28.Kg2 Qg5 29.Rg1 Bc6 30.axb4 axb4
31.Bf3 Rb8 32.Re1 b3 33.Ra1 Qf5 34.Rc1 Ba4 35.g4 Qc2 36.Rd1 c3 37.Qf2 cxb2
38.Be2 b1=Q 39.Rxb1 Qxb1 40.Qf6+ Kg8 41.g5 b2  0-1

[Event "Atlantis Promotiegroep"]
[Site "Groningen NED"]
[Date "2008.07.02"]
[Round "6"]
[White "Veltman,J"]
[Black "Akotchik,V"]
[Result "1-0"]
[WhiteElo "2174"]
[BlackElo "2121"]

1.Nf3 d5 2.c4 e6 3.g3 c6 4.Bg2 Nf6 5.b3 Nbd7 6.O-O Be7 7.Bb2 O-O 8.d3 b6
9.e4 Bb7 10.e5 Ne8 11.Qe2 Nc7 12.Nbd2 a5 13.h4 a4 14.Ng5 Bxg5 15.hxg5 Qxg5
16.Kh2 f5 17.exf6 Nxf6 18.f4 Ng4+ 19.Kg1 Qg6 20.Nf3 h5 21.Ne5 Nxe5 22.Bxe5 Ne8
23.Kf2 Nf6 24.Bf3 c5 25.Rh1 axb3 26.axb3 Rxa1 27.Rxa1 Ng4+ 28.Bxg4 hxg4 29.Ra7 Rf7
30.cxd5 exd5 31.d4 cxd4 32.Bxd4 Rc7 33.Ra2 Rc1 34.Qe5 Qh6 35.Ke3 Qg6 36.Kd2 Rh1
37.Kc3 Rc1+ 38.Kb4 Rc8 39.Ra7 Re8 40.Qxg7+ Qxg7 41.Bxg7 Bc6 42.Be5 Kf8 43.Bg7+ Kg8
44.Be5 Kf8 45.Ra6 Ke7 46.Rxb6 Kd7 47.Kc5 Rc8 48.Rb8 Rxb8 49.Bxb8 Bb7 50.Be5 Ke6
51.b4 Kf5 52.Kd4 Bc6 53.Kc5 Bb7 54.b5 d4 55.Kxd4 Ba8 56.Kc5 Ke4 57.Kd6  1-0

[Event "DOBA as GM CUP"]
[Site "Mlada Boleslav CZE"]
[Date "2008.07.02"]
[Round "8"]
[White "Kantans,T"]
[Black "Cernousek,L"]
[Result "0-1"]
[WhiteElo "2148"]
[BlackElo "2436"]

1.Nf3 d5 2.c4 e6 3.g3 Nf6 4.Bg2 dxc4 5.Qa4+ c6 6.Qxc4 b5 7.Qc2 Bb7 8.O-O Nbd7
9.a4 a6 10.b3 Qb6 11.Nc3 Be7 12.Bb2 O-O 13.d3 Rac8 14.Nd2 Rfd8 15.Nce4 Nd5
16.Rfc1 f5 17.Nc3 Nb4 18.Qd1 Ne5 19.Nd5 exd5 20.Bxe5 d4 21.Bh3 Rf8 22.g4 c5
23.axb5 fxg4 24.bxa6 gxh3 25.axb7 Qxb7 26.Qf1 Bg5 27.Ne4 Bxc1 28.Rxc1 Qd5
29.Bd6 Rfe8 30.Qxh3 Na2 31.Qg3 Re6  0-1

[Event "Duras IM Dopravni"]
[Site "Brno CZE"]
[Date "2008.07.03"]
[Round "8"]
[White "Andonov,B"]
[Black "Vesely,Ja"]
[Result "1-0"]
[WhiteElo "2334"]
[BlackElo "2074"]

1.Nf3 d5 2.c4 e6 3.g3 Nf6 4.Bg2 d4 5.O-O c5 6.b4 a5 7.bxc5 Bxc5 8.d3 Nc6
9.Ba3 Qe7 10.Bxc5 Qxc5 11.Nbd2 e5 12.Rb1 O-O 13.Ng5 Qe7 14.Rb5 Nd7 15.Ngf3 f5
16.e3 dxe3 17.fxe3 Nf6 18.Re1 Qd6 19.Qb3 a4 20.Qc3 Rd8 21.Bf1 e4 22.c5 Qe7
23.dxe4 Nxe4 24.Nxe4 fxe4 25.Nd4 Ne5 26.Bg2 Nd3 27.Rf1 Qg5 28.Qc4+ Kh8 29.Nc2 Bd7
30.c6 Be6 31.Rxg5 Bxc4 32.cxb7 Rab8 33.Bxe4 Bxa2 34.Nd4 Nb4 35.Ra5 Bc4 36.Rb1  1-0

[Event "Sparkassen Open"]
[Site "Dortmund GER"]
[Date "2008.07.03"]
[Round "5"]
[White "Lapidus,M"]
[Black "Hobusch,A"]
[Result "1/2-1/2"]
[WhiteElo "1877"]
[BlackElo "2034"]

1.Nf3 d5 2.c4 e6 3.e3 Nf6 4.d4 Nbd7 5.Nc3 Be7 6.Bd3 O-O 7.O-O dxc4 8.Bxc4 a6
9.Qc2 b5 10.Bd3 Bb7 11.e4 h6 12.Be3 c5 13.e5 Ng4 14.Bh7+ Kh8 15.Be4 Nxe3
16.fxe3 Bxe4 17.Qxe4 cxd4 18.exd4 Nb6 19.Rad1 b4 20.Ne2 Qd5 21.Qxd5 Nxd5
22.Rc1 Rfc8 23.Rxc8+ Rxc8 24.Rc1 Rxc1+ 25.Nxc1 Kg8 26.Nd3 Kf8 27.Kf2 Ke8
28.Ke2 Kd7 29.g3 Kc6 30.Nde1 Nb6 31.Kd3 f6 32.Nc2 Nd5 33.Nd2 fxe5 34.dxe5 Nb6
35.Nc4 Bc5 36.h3 Kb5 37.Nd2 Kc6 38.Nc4 Kb5 39.Nxb6 Bxb6 40.b3 a5 41.g4 Bf2
42.Ke4 Kc5  1/2-1/2

[Event "XXXI Open"]
[Site "Barbera del Valles ESP"]
[Date "2008.07.05"]
[Round "2"]
[White "Vilela de Acuna,J"]
[Black "Vigo Allepuz,D"]
[Result "1-0"]
[WhiteElo "2347"]
[BlackElo "2156"]

1.Nf3 d5 2.c4 c6 3.cxd5 cxd5 4.d4 Nf6 5.Nc3 g6 6.Bf4 Nc6 7.e3 Bg7 8.Bd3 O-O
9.h3 a6 10.Rc1 Be6 11.O-O Rc8 12.Qe2 Qa5 13.Nd2 b5 14.Nb3 Qb6 15.a4 b4 16.a5 Nxa5
17.Na4 Qd8 18.Nbc5 Bf5 19.Bxa6 Ra8 20.Qb5 Nc4 21.Qxb4 e5 22.dxe5 Nd7 23.Bxc4 dxc4
24.e4 Be6 25.Nxe6 fxe6 26.Bg3 Nxe5 27.Bxe5 Bxe5 28.Qxc4 Rf6 29.Rcd1 Qe7 30.Nb6 Rd8
31.b3 Bc7 32.Na4 Rdf8 33.Qc6 Rd8 34.Nc5 Rd6 35.Rxd6 Bxd6 36.Nd3 Bb8 37.Ra1 Rf8
38.Qc4 Ba7 39.b4 Qg7 40.Qxe6+ Kh8 41.Rf1 Bd4 42.b5 Rb8 43.Qd5 Bb6 44.Ne5  1-0

[Event "Ladoga Summer"]
[Site "Novaya Ladoga RUS"]
[Date "2008.07.05"]
[Round "5"]
[White "Sedov,Alek2"]
[Black "Gusev,Vl1"]
[Result "1/2-1/2"]
[WhiteElo "2246"]
[BlackElo "2391"]

1.Nf3 d5 2.c4 e6 3.g3 Nf6 4.Bg2 Be7 5.O-O O-O 6.Qc2 c5 7.d4 cxd4 8.Nxd4 Nc6
9.Nxc6 bxc6 10.b3 Ba6 11.Bb2 Qb6 12.Nd2 Rfd8 13.e3 Rac8 14.Rfd1 Nd7 15.Rac1 Bf6
16.Bxf6 Nxf6 17.h3 h6 18.e4 dxe4 19.Nxe4 Nxe4 20.Bxe4 c5 21.Rxd8+ Rxd8  1/2-1/2

[Event "XVII Burgas Open"]
[Site "Ourense ESP"]
[Date "2008.07.05"]
[Round "3"]
[White "Carril Garcia,L"]
[Black "Blazquez Criado,F"]
[Result "1-0"]
[WhiteElo "2034"]
[BlackElo "1743"]

1.Nf3 d5 2.c4 Nf6 3.d4 Bf5 4.Nc3 e6 5.Bf4 Bd6 6.Bg3 O-O 7.e3 Bxg3 8.hxg3 Nbd7
9.Rc1 Rc8 10.Bd3 Bxd3 11.Qxd3 h6 12.O-O c5 13.cxd5 c4 14.Qc2 Nxd5 15.Nxd5 exd5
16.Qf5 Nf6 17.Ne5 Qd6 18.Rc2 Rc7 19.Rfc1 Rfc8 20.b3 b5 21.bxc4 dxc4 22.Rb1 a6
23.g4 Qd5 24.a4 Rb8 25.Nd3 Qxf5 26.gxf5 Nd5 27.Nc5 Rc6 28.Rxc4 b4 29.e4 Nf6
30.Rcxb4 Rxb4 31.Rxb4  1-0

[Event "ChInt Open"]
[Site "Paris FRA"]
[Date "2008.07.06"]
[Round "9"]
[White "Guilleux,F"]
[Black "Guliyev,N"]
[Result "0-1"]
[WhiteElo "2391"]
[BlackElo "2542"]

1.Nf3 d5 2.c4 dxc4 3.e3 Nf6 4.Bxc4 e6 5.d4 a6 6.a4 c5 7.O-O Nc6 8.Qe2 cxd4
9.Rd1 Be7 10.Nxd4 Nxd4 11.Rxd4 Qc7 12.Nc3 Bd7 13.b3 O-O 14.Bb2 Bc6 15.e4 Rfd8
16.Rxd8+ Rxd8 17.e5 Nd7 18.Re1 Bb4 19.Rd1 Be7 20.Re1 Nc5 21.Qe3 b6 22.Kh1 Qb7
23.f3 b5 24.axb5 axb5 25.Be2 b4 26.Nd1 Bd5 27.Nf2 Bxb3 28.Ng4 Qd5 29.Qf4 Qd2
30.Nf6+ gxf6 31.Qg3+ Qg5  0-1